Nákupná a zásobovacia logistika (logistika obstarávania) v podniku M+M diplomová práca

Na minha lista:
Detalhes bibliográficos
Autor principal: Chlebec, Martin
Autor Corporativo: Fakulta podnikového manažmentu EU. Katedra manažmentu výroby a logistiky - zrušená
Outros Autores: Dupaľ, Andrej
Formato: Livro
Idioma:eslovaco
Publicado em: Bratislava 2009
Tags: Adicionar Tag
Sem tags, seja o primeiro a adicionar uma tag!

MARC

LEADER 00000nam$a2200000$$$4500
001 0102388
005 20240320075214.4
041 0 |a slo 
044 |a SK 
245 1 0 |a Nákupná a zásobovacia logistika (logistika obstarávania) v podniku M+M  |b diplomová práca  |c Martin Chlebec ; škol. Andrej Dupaľ 
264 1 |a Bratislava  |c 2009 
300 |a 64 s. 
100 1 |a Chlebec, Martin 
700 1 |a Dupaľ, Andrej 
710 2 |a Fakulta podnikového manažmentu EU. Katedra manažmentu výroby a logistiky - zrušená